01186nam a2200229Ia 4500952010200000999001700102005001700119008004100136020001500177050002100192100002700213245004100240260003300281300003500314336001000349337001400359338001200373505049600385519004400881650002400925942000700949 00102lcc4070a03b03d2001-05-15l0oND1488 I88 1994p03 001109r2012-07-20t1w2012-07-20yLB c78984d7898420231102151245.0120720s1994 mx a 000 0 spa d a9681840143 aND1488bI88 199410aItten, Johanneseautor13aEl arte del Colorc / Johannes Itten aMéxicob : Noriegac, 1994 a95 páginasb : ilustraciones atexto asin medio avolumen aLos colores en física Realidad de los colores y efecto coloreado La armonía de los colores Las concordancias subjetivas de colores Enseñanza de la construcción de los colores El circulo cromático en doce zonas Los siete contrastes de colores Las mezclas de colores La esfera de los colores Estudio de las concordancias de colores Forma y color Efecto especial de los colores Enseñanza de la impresión de los colores Enseñanza de la expresión de los colores La composición aMaterial Complementario / d(03 001109)14aESTÉTICAxPINTURA cLB